000 00321nam a22001337a 4500
008 171025b xxu||||| |||| 00| 0 eng d
020 _a9781884585418
041 _aeng
080 _22ND
_a331
100 _a55
101 _aSTA
245 _aADVANCED AND MULTIVARIATE STATISTICAL METHODS
_cMERTLER,C.A
942 _2udc
_cBK
999 _c35940
_d35940